|
|
|
|
| LEADER |
01655cas a2200241 a 4500 |
| 001 |
AALejournalIMF005181 |
| 008 |
230101c9999 xx r poo 0 0eng d |
| 020 |
|
|
|c 5.00 USD
|
| 020 |
|
|
|z 9781451837148
|
| 022 |
|
|
|a 1934-7685
|
| 040 |
|
|
|a BD-DhAAL
|c BD-DhAAL
|
| 110 |
2 |
|
|a International Monetary Fund.
|
| 245 |
1 |
0 |
|a Republic of Tajikistan :
|b Staff-Monitored Program.
|
| 264 |
|
1 |
|a Washington, D.C. :
|b International Monetary Fund,
|c 2008.
|
| 300 |
|
|
|a 1 online resource (59 pages)
|
| 490 |
1 |
|
|a IMF Staff Country Reports
|
| 500 |
|
|
|a <strong>Off-Campus Access:</strong> No User ID or Password Required
|
| 500 |
|
|
|a <strong>On-Campus Access:</strong> No User ID or Password Required
|
| 506 |
|
|
|a Electronic access restricted to authorized BRAC University faculty, staff and students
|
| 520 |
3 |
|
|a The proposed Staff-Monitored Program (SMP) in Tajikistan includes a balanced budget objective with a view to securing the inflation goal. While public financial management has improved, there is an agreement that monitoring and corporate governance of state-owned enterprises should be enhanced. Monetary policy will aim at containing inflation by targeting reserve money while building up official foreign exchange reserves. To mitigate risks of future debt problems, the program includes a well-defined and cautious debt strategy. The authorities are taking steps to reinvigorate their cotton sector reform efforts.
|
| 538 |
|
|
|a Mode of access: Internet
|
| 830 |
|
0 |
|a IMF Staff Country Reports; Country Report ;
|v No. 2008/197
|
| 856 |
4 |
0 |
|z Full text available on IMF
|u http://elibrary.imf.org/view/journals/002/2008/197/002.2008.issue-197-en.xml
|z IMF e-Library
|